00934nmc a2200301 a 4500003000900000005001700009008004100026020001800067040001300085100002300098245007600121260004200197300001900239490001600258500004200274650001400316650001400330650003900344650003300383650002400416653002700440653002200467653002200489653002700511653004000538700002400578700003000602AR-BaBNM20251128210734.0121020s1998 ||||||||||||||000 | spa|| a950-808-215-1 cAR-BaBNM1 aBurgos, Noemí E.10aNuevos sentidos en la didáctica y el currículum en el nivel inicial aRosariobHomo Sapiens Edicionesc19980 a140 p.btablas 0aEducación0 aContiene referencias bibliográficas 4aDIDACTICA 4aCURRICULO 4aENSENANZA DE LAS CIENCIAS SOCIALES 4aENSENANZA DE LAS MATEMATICAS 4aEDUCACION ARTISTICA 0aENSENANZA DE LA LENGUA 0aEDUCACION INICIAL 0aDISENO CURRICULAR 0aESTRATEGIAS DIDACTICAS 0aENSENANZA DE LAS CIENCIAS NATURALES1 aPeña, Cristina M.1 aSilva, María del Carmen